000 00416nam a2200181Ia 4500
001 3026
005 20260306144850.0
008 260306t1999||||xx |||||||||||||| ||spa||
041 _aESP
082 _a242
_bV63 T. 2
100 _aVida y Espiritualidad
_eAUT
245 0 _aCamino hacia Dios
260 _c1999
300 _a158 páginas :
_c19 cm.
650 _aGEN
654 _aCHU
942 _cLIB
_dJUS
_fJUS
_2ddc
_n
999 _c3026
_d3026